Devine cet kpop idol bébé #1 - Statistiques

Statistiques générales
  • Ce quiz a été pris 1 711 fois
  • Le résultat moyen est 8 sur 24
Statistiques - réponses
Par images Réponse % Correct
Jennie - Blackpink
79%
Jimin - BTS
77%
V - BTS
71%
Jungwon - Enhypen
67%
Seungmin - Stray Kids
60%
Jisoo - Blackpink
56%
Felix - Stray Kids
44%
Jay - Enhypen
44%
Hyunjin - Stray Kids
37%
Suga - BTS
36%
Sunoo - Enhypen
33%
Taehyun - TXT
33%
Jungkook - BTS
32%
Tzuyu - Twice
30%
IU - Soloist
21%
Jihyo - Twice
21%
Chaeyoung - Twice
20%
Beomgyu - TXT
17%
Yeji - Itzy
12%
Lia - ITZY
11%
Dahyun - Twice
8%
Mina - Twice
8%
Winter - Aespa
8%
Yedam - Treasure
4%
Aucun quiz correspondant
Distribution des résultats
% des personnes avec chaque résultat
Percentile par nombre de réponses
Votre historique - résultats
Vous n’avez pas pris ce quiz